000
00214 a2200097 4500
001
27302
100
_a
Garard, I.D
245
_a
Invitation to chemistry
260
_a
_b
David charless
_c
1969
090
_c
18129
_d
18129
942
_a
NUST-CAE
_c
M
_c
9035
999
_c
262375
_d
262375